000 00255nam a22001097a 4500
082 _a823
_bORI/D
100 _aORIENT LONGMAN
245 _aTHE DRUMMER'S MONKEY
260 _aHYDERABAD
_bORIENT LONGMAN
_c1992
650 _aPASSAGE LEAFLETS
_zINDIA
942 _cBK
999 _c4590
_d4590